<?xml version="1.0" encoding="UTF-8"?>
<record
    xmlns:xsi="http://www.w3.org/2001/XMLSchema-instance"
    xsi:schemaLocation="http://www.loc.gov/MARC21/slim http://www.loc.gov/standards/marcxml/schema/MARC21slim.xsd"
    xmlns="http://www.loc.gov/MARC21/slim">

  <leader>01657nam a2200289 a 4500</leader>
  <controlfield tag="001">000007535</controlfield>
  <controlfield tag="005">20240307173900.0</controlfield>
  <controlfield tag="008">090909s2001    dr            001 0 spa d</controlfield>
  <datafield tag="020" ind1=" " ind2=" ">
    <subfield code="a">9993461032</subfield>
  </datafield>
  <datafield tag="040" ind1=" " ind2=" ">
    <subfield code="a">DO-SdBNP</subfield>
    <subfield code="b">spa</subfield>
    <subfield code="c">BNPHU</subfield>
  </datafield>
  <datafield tag="082" ind1=" " ind2=" ">
    <subfield code="a">610.696</subfield>
    <subfield code="b">S944e</subfield>
  </datafield>
  <datafield tag="100" ind1="1" ind2=" ">
    <subfield code="a">Suero, Waldo Ariel</subfield>
    <subfield code="9">20918</subfield>
  </datafield>
  <datafield tag="245" ind1="1" ind2="4">
    <subfield code="a">Una exitosa consulta m&#xE9;dica /</subfield>
    <subfield code="c">Waldo Ariel Suero, Pablo Pascual B&#xE1;ez ; pr&#xF3;logo C&#xE9;sar Mella Mej&#xED;as.</subfield>
  </datafield>
  <datafield tag="260" ind1=" " ind2=" ">
    <subfield code="a">Santo Domingo :</subfield>
    <subfield code="b">B&#xFA;ho,</subfield>
    <subfield code="c">2001.</subfield>
  </datafield>
  <datafield tag="300" ind1=" " ind2=" ">
    <subfield code="a">197 p. ;</subfield>
    <subfield code="c">22 cm.</subfield>
  </datafield>
  <datafield tag="500" ind1=" " ind2=" ">
    <subfield code="a">Incluye datos biogr&#xE1;ficos de los autores en las solapas.</subfield>
  </datafield>
  <datafield tag="504" ind1=" " ind2=" ">
    <subfield code="a">Bibliograf&#xED;a: p. 193-197.</subfield>
  </datafield>
  <datafield tag="505" ind1="0" ind2=" ">
    <subfield code="g">Pr&#xF3;logo --</subfield>
    <subfield code="g">Introducci&#xF3;n --</subfield>
    <subfield code="t">La personalidad como elemento influyente en el &#xE9;xito del consultorio m&#xE9;dico --</subfield>
    <subfield code="t">Aspectos administrativos de la consulta m&#xE9;dica --</subfield>
    <subfield code="t">Relaci&#xF3;n m&#xE9;dico paciente e interpersonales --</subfield>
    <subfield code="t">El rol del equipo de salud en el &#xE9;xito m&#xE9;dico --</subfield>
    <subfield code="t">El rol del consultorio en la pr&#xE1;ctica m&#xE9;dica --</subfield>
    <subfield code="t">La actualizaci&#xF3;n m&#xE9;dica y general como elemento fundamental en la atenci&#xF3;n --</subfield>
    <subfield code="t">La prescripci&#xF3;n como parte del acto m&#xE9;dico --</subfield>
    <subfield code="t">El liderazgo profesional, la &#xE9;tica y la credibilidad del m&#xE9;dico --</subfield>
    <subfield code="t">El marketing m&#xE9;dico: &#xBF;Una opci&#xF3;n? --</subfield>
    <subfield code="t">M&#xE9;todos para reducir o dispersar su consulta --</subfield>
    <subfield code="t">&#xBF;Qu&#xE9; esperan los pacientes de sus m&#xE9;dicos? --</subfield>
    <subfield code="g">Bibliograf&#xED;a.</subfield>
  </datafield>
  <datafield tag="590" ind1=" " ind2=" ">
    <subfield code="a">Inventariado,2018/DG</subfield>
  </datafield>
  <datafield tag="650" ind1=" " ind2="4">
    <subfield code="a">Consulta m&#xE9;dica</subfield>
    <subfield code="9">20919</subfield>
  </datafield>
  <datafield tag="650" ind1=" " ind2="4">
    <subfield code="a">Pr&#xE1;ctica m&#xE9;dica</subfield>
    <subfield code="9">20145</subfield>
  </datafield>
  <datafield tag="650" ind1=" " ind2="4">
    <subfield code="a">Consultorios m&#xE9;dicos</subfield>
    <subfield code="9">20920</subfield>
  </datafield>
  <datafield tag="650" ind1=" " ind2="4">
    <subfield code="a">M&#xE9;dico y paciente</subfield>
    <subfield code="9">20921</subfield>
  </datafield>
  <datafield tag="700" ind1="1" ind2=" ">
    <subfield code="a">B&#xE1;ez, Pablo Pascual</subfield>
    <subfield code="9">20922</subfield>
  </datafield>
  <datafield tag="700" ind1="1" ind2=" ">
    <subfield code="a">Mella Mej&#xED;as, C&#xE9;sar</subfield>
    <subfield code="d">1950-</subfield>
    <subfield code="e">pr&#xF3;l.</subfield>
    <subfield code="9">210</subfield>
  </datafield>
  <datafield tag="910" ind1=" " ind2=" ">
    <subfield code="a">Validado. Control de calidad EMS</subfield>
  </datafield>
  <datafield tag="952" ind1=" " ind2=" ">
    <subfield code="0">0</subfield>
    <subfield code="1">0</subfield>
    <subfield code="5">4</subfield>
    <subfield code="7">0</subfield>
    <subfield code="8">DS</subfield>
    <subfield code="a">GR</subfield>
    <subfield code="b">GR</subfield>
    <subfield code="c">HD</subfield>
    <subfield code="d">2010-02-19</subfield>
    <subfield code="i">LF1</subfield>
    <subfield code="l">0</subfield>
    <subfield code="o">610.696 S944e</subfield>
    <subfield code="p">7535-30</subfield>
    <subfield code="r">2020-06-25</subfield>
    <subfield code="t">e. 3</subfield>
    <subfield code="w">2020-06-25</subfield>
    <subfield code="y">LFDS</subfield>
    <subfield code="Z">Pr&#xE9;stamo en sala</subfield>
  </datafield>
  <datafield tag="952" ind1=" " ind2=" ">
    <subfield code="0">0</subfield>
    <subfield code="1">0</subfield>
    <subfield code="7">1</subfield>
    <subfield code="8">PD</subfield>
    <subfield code="a">PD</subfield>
    <subfield code="b">PD</subfield>
    <subfield code="c">HD</subfield>
    <subfield code="d">2009-09-09</subfield>
    <subfield code="i">LF1</subfield>
    <subfield code="l">0</subfield>
    <subfield code="o">610.696 S944e</subfield>
    <subfield code="p">7535-10</subfield>
    <subfield code="r">2020-06-25</subfield>
    <subfield code="w">2020-06-25</subfield>
    <subfield code="y">LFPD</subfield>
    <subfield code="Z">No se presta</subfield>
  </datafield>
  <datafield tag="952" ind1=" " ind2=" ">
    <subfield code="0">0</subfield>
    <subfield code="1">0</subfield>
    <subfield code="7">1</subfield>
    <subfield code="8">PD</subfield>
    <subfield code="a">PD</subfield>
    <subfield code="b">PD</subfield>
    <subfield code="c">HD</subfield>
    <subfield code="d">2010-02-19</subfield>
    <subfield code="i">LF1</subfield>
    <subfield code="l">0</subfield>
    <subfield code="o">610.696 S944e</subfield>
    <subfield code="p">7535-20</subfield>
    <subfield code="r">2020-06-25</subfield>
    <subfield code="t">e. 2</subfield>
    <subfield code="w">2020-06-25</subfield>
    <subfield code="y">LFPD</subfield>
    <subfield code="Z">No se presta</subfield>
  </datafield>
  <datafield tag="999" ind1=" " ind2=" ">
    <subfield code="c">7316</subfield>
    <subfield code="d">7316</subfield>
  </datafield>
</record>
